000 00971nam a2200301Ia 4500
001 Para_1834
003 CHAP
008 220125s1990 xx 000 0 und d
010 _a200481
040 _cCHAP
082 _aPA 595.75 B7
100 _aBrailovsky, Harry
_914990
245 _aRevision del complejo althas con descripcion de generos nuevos y especies nuevas :
_b (hemiptera-heteroptera-coreidoecoreinin) /
_c por Harry Brailovsky
260 _aMéxico, DF. :
_b Universidad Nacional Autonoma de México
300 _a156 p.
440 _aPublicaciones especiales del Instituto de Biología; 5
_9165358
650 _aCoreidae
_927986
650 _aEntomología
_x sistemática
_9165359
650 _aHemipteros
_953511
650 _aHeteropteros
_955066
901 _aPA 595.75 B7
902 _aA
905 _a0000001990 a 0000000000 00
910 _a1990
942 _cPARA
942 _cPARA
_d1
999 _c200481
_d200481